Statistiken für Disney und Pixar Filme

Klicken Sie hier um das Quiz zu spielen!

Allgemein

  • Dieses Quiz wurde 2.070 mal gespielt
  • Das Durchschnittsergebnis liegt bei 29 aus 126

Antwortstatistiken

JahrFilmtitel% Korrekt
1937Schneewittchen und die sieben Zwerge
73%
1950Cinderella
71%
2019Die Eiskönigin II
70%
2010Rapunzel
70%
2006Cars
68%
2011Cars 2
68%
1994Der König der Löwen
68%
1995Toy Story
65%
1999Toy Story 2
65%
2010Toy Story 3
65%
1991Die Schöne und das Biest
64%
1998
Mulan
58%
1959Dornröschen
58%
2004Mulan 2
58%
1992
Aladdin
57%
2003Findet Nemo
56%
1995Pocahontas
50%
1967Das Dschungelbuch
48%
2003Das Dschungelbuch 2
48%
2000Arielle, die Meerjungfrau 2 – Sehnsucht nach dem Meer
47%
2009Küss den Frosch
47%
2016Vaiana
47%
1961101 Dalmatiner
46%
1942 | 2002Bambi
46%
1953
Peter Pan
43%
1955Susi und Strolch
43%
2001Die Monster AG
41%
1999Tarzan
41%
2005Tarzan 2
41%
1941Dumbo
40%
2021Encanto
39%
1988Oliver & Co.
39%
2015Alles steht Kopf
37%
2016Findet Dorie
37%
1940Pinocchio
37%
1970
Aristocats
35%
1951Alice im Wunderland
34%
1981Cap und Capper
33%
2003Bärenbrüder
32%
2006Bärenbrüder 2
32%
2012Ralph reichts
32%
1973Robin Hood
32%
2018Die Unglaublichen 2
31%
1997Hercules
31%
2007Ratatouille
31%
1940Fantasia
30%
1999Fantasia 2000
30%
2022Rot
29%
2016Zoomania
29%
2013Die Monster Uni
28%
2021Luca
28%
2020Soul
25%
1996Der Glöckner von Notre Dame
24%
2002Der Glöckner von Notre Dame 2
24%
1998Das große Krabbeln
22%
1963
Die Hexe und der Zauberer
21%
2003101 Dalmatiner Teil 2 – Auf kleinen Pfoten zum großen Star!
20%
2021Raya und der letzte Drache
19%
2008Tinker Bell
19%
1977Die vielen Abenteuer von Winnie Puuh
18%
2000Ein Königreich für ein Lama
18%
1989Arielle, die Meerjungfrau
17%
2011
Winnie Puuh
17%
2005Heffalump – Ein neuer Freund für Winnie Puuh
17%
2002
Lilo & Stitch
16%
2002Der Schatzplanet
15%
2018Chaos im Netz
14%
1977Bernard und Bianca – Die Mäusepolizei
12%
2004Die Kühe sind los
11%
2005Himmel und Huhn
11%
2012Merida – Legende der Highlands
10%
2000Dinosaurier
9%
1986
Basil, der große Mäusedetektiv
9%
1985Taran und der Zauberkessel
9%
2013Die Eiskönigin – Völlig unverfroren
8%
1944Drei Caballeros
8%
2008WALLE – Der Letzte räumt die Erde auf
8%
2017Coco – Lebendiger als das Leben!
7%
2007Triff die Robinsons
7%
2015Arlo & Spot
6%
2001Atlantis – Das Geheimnis der verlorenen Stadt
6%
2014Baymax – Riesiges Robowabohu
6%
2008Bolt – Ein Hund für alle Fälle
6%
1994Der König der Löwen 2 – Simbas Königreich
6%
1990Bernard und Bianca im Känguruland
5%
1943
Saludos Amigos
5%
2006Cap und Capper 2 – Hier spielt die Musik
4%
2004Die Unglaublichen – The Incredibles
4%
2006Leroy & Stitch
4%
1946Make Mine Music
4%
2020Onward: Keine halben Sachen
4%
2004Der König der Löwen 3 – Hakuna Matata
3%
1949Die Abenteuer von Ichabod und Taddäus Kröte
3%
1948
Musik, Tanz und Rhythmus
3%
1947Fröhlich, Frei, Spaß dabei
3%
1996Aladdin und der König der Diebe
2%
2003Atlantis – Die Rückkehr
2%
2019A Toy Story: Alles hört auf kein Kommando
2%
2017Cars 3: Evolution
2%
1994Dschafars Rückkehr
2%
2003Ferkels großes Abenteuer
2%
2000Tiggers großes Abenteuer
2%
2008Arielle, die Meerjungfrau – Wie alles begann
1%
2002Cinderella 2 – Träume werden wahr, Cinderella – Wahre Liebe siegt
1%
2012Das Geheimnis der Feenflügel
1%
1997Die Schöne und das Biest 2: Weihnachtszauber
1%
1998Die Schöne und das Biest 3: Belles zauberhafte Welt
1%
2005Ein Königreich für ein Lama 2 – Kronks großes Abenteuer
1%
1998Hercules: Zero to Hero
1%
2002 | 2009Peter Pan: Neue Abenteuer in Nimmerland
1%
1998Pocahontas 2 – Die Reise in eine neue Welt
1%
2001Susi und Strolch 2: Kleine Strolche – Großes Abenteuer!
1%
2002Tarzan & Jane
1%
2009 | 2010Tinkerbell – Ein Sommer voller Abenteuer
1%
2014Tinkerbell und die Legende vom Nimmerbiest
1%
2014TinkerBell und die Piratenfee
1%
1997Winnie Puuh auf großer Reise
1%
2005Winnie Puuhs Gruselspaß mit Heffalump
1%
2005Lilo & Stitch 2 – Stitch völlig abgedreht
0%
2003Stitch & Co. – Der Film
0%
2002Winnie Puuh – Honigsüße Weihnachtszeit
0%
1999Winnie Puuh – Lustige Jahreszeiten im Hundertmorgenwald
0%
2004Winnie Puuh – Spaß im Frühling
0%

Verteilung der Resultate

Perzentil nach korrekt beantworteten Fragen

Anzahl Personen mit jedem Resultat

Ihre Resultats-Entwicklung

Sie haben dieses Quiz noch nicht gespielt